000 00251nam a22001217a 4500
082 _a823
_bUNK/M
100 _aUNKNOWN
245 _aMOSES
260 _aCHALAKUDY
_bDIVINE RETREAT CENTRE
300 _a32
650 _aENGLISH STORY
_zKERALA
942 _cBK
999 _c7513
_d7513